000 00842cam a2200205 4500
001 WB3729-30
008 010725n2001 000 0 eng u
035 _a(Sirsi) u113747
245 _aRent reform may be at odds with renewal
260 _c2001
490 _aHousing Today
_v 19 July 2001, 4(1)
520 _aDTLR community housing task force head warns at the National Housing Federation Conference that government policy on housing association rent reform may work against its broader neighbourhood renewal objectives. Housing associations were bound by matters such as business plans and could find it very hard to deliver broader agendas.
590 _aWB
650 _aHOUSING ASSOCIATIONS
650 _aRENT REFORM
650 _aNEIGHBOURHOOD RENEWAL
650 _aSOCIAL LANDLORDS
690 _aREGENERATION
942 _n0
999 _c67771
_d67771